ArcView GIS/Avenue programmer's reference : (Registro nro. 2690)

Detalles MARC
000 -CABECERA
Campo de control 01150cam a2200277 a 4500
005 - FECHA Y HORA DE LA ULTIMA TRANSACCION
Campo de control 20180803165029.0
008 - ELEMENTOS DE LONGITUD FIJA—INFORMACION GENERAL
Campo de control 000127s2000 nyua 001 0 eng
020 ## - ISBN
ISBN 1566901707
040 ## - FUENTE DE CATALOGACIÓN
Agencia catalogadora original DLC
Agencia transcriptora DLC
Agencia Modificadora DLC
-- CO-BoIAVH
041 0# - IDIOMA
Código de idioma para texto/pista de sonido o título separado Inglés
044 ## - PAÍS DE PUBLICACIÓN
País de publicación Estados Unidos
082 00 - NUMERO DE CLASIFICACION DECIMAL DEWEY
Número de clasificación 910.285
Número del ítem R27a1
100 1# - ASIENTO PRINCIPAL--NOMBRE PERSONAL
Nombre personal Razavi, Amir H.,
Fechas asociadas con el nombre 1957-
9 (RLIN) 67849
245 10 - MENCION DE TITULO
Título ArcView GIS/Avenue programmer's reference :
Parte restante del título class hierarchy quick reference and 100+ scripts /
Mención de responsabilidad Amir H. Razavi y Valerie Warwick.
250 ## - MENCION DE EDICION
Mención de edición Tercera edición
260 ## - PUBLICACION, DISTRIBUCION, ETC. (PIE DE IMPRENTA)
Lugar de publicación, distribución, etc. Albany, N.Y. :
Nombre del editor, distribuidor, etc. OnWord Press,
Fecha de publicación, distribución, etc. c2000.
300 ## - DESCRIPCION FISICA
Extensión xxi, 545 páginas :
Otros detalles físicos ilustraciones ;
Dimensiones 24 x 19 cm.
500 ## - NOTA GENERAL
Nota general Incluye índice
630 00 - ASIENTO SECUNDARIO DE MATERIA - TITULO UNIFORME
Uniform title ArcView.
9 (RLIN) 16958
650 14 - ASIENTO SECUNDARIO DE MATERIA - TERMINO TEMATICO
Término temático o nombre geográfico como elemento de entrada Avenue (Lenguaje de programación de computadora)
Subdivisión de forma Guías, manuales, etc.
9 (RLIN) 67851
650 14 - ASIENTO SECUNDARIO DE MATERIA - TERMINO TEMATICO
Término temático o nombre geográfico como elemento de entrada Avenue (Lenguaje de programación de computadora)
Subdivisión general administración
9 (RLIN) 67852
700 1# - ASIENTO SECUNDARIO - NOMBRE PERSONAL
Nombre personal Warwick, Valerie,
Fechas asociadas con el nombre 1958-
9 (RLIN) 67853
856 42 - LOCALIZACION Y ACCESO ELECTRONICOS
Especificación de los materiales Publisher description
Identificador Uniforme del Recurso http://www.loc.gov/catdir/enhancements/fy1103/00265169-d.html
856 41 - LOCALIZACION Y ACCESO ELECTRONICOS
Especificación de los materiales Table of contents only
Identificador Uniforme del Recurso http://www.loc.gov/catdir/enhancements/fy1103/00265169-t.html
942 ## - ELEMENTOS ADICIONALES (KOHA)
Sistema de clasificación Dewey Decimal Classification
Tipo de ítem Libro
Existencias
Withdrawn status Lost status Sistema de Clasificación Damaged status No para préstamo Colección Inventariado Ubicación Permanente Ubicación actual Fecha de adquisición Fuente de Valor Valor Total Checkouts Número topográfico Inventario / Código de Barras Date last seen Ejemplar Price effective from Forma de adquisición Tipo de material
    Dewey Decimal Classification     General Inventariado 2017 Bogotá Bogotá 12/06/2002 Instituto 39000.00   LB-910.285 R27a1 004996 04/12/2012 Ej. 1 04/12/2012 Compra Libro